00397nam a2200121Ia 4500008004100000100001900041245006400060245003300124260005900157650001800216650001500234856002600249170221s9999 xx 000 0 und d aTeresa Velasco aNews Dissemination Gratifies Needs for Social Media Users  cTeresa Velasco, Chad Mahood. bOnline Journal of Communication and Media Technologies xCommunication xMedia Arts uhttp://www.ojcmt.net/